Конституционно-правовой принцип равноправия в системе высшего образования США. Законодательство и правоприменительная практика: монография

Xehetasun bibliografikoak
Egile nagusia: Николаев Б. В. Борис Викторович
Gaia:Представлен систематический анализ законодательства и правоприменительной практики США в сфере обеспечения конституционно-правового принципа равноправия в системе высшей школы США, исследуются правовые, политические, социальные аспекты обеспечения равноправия в высшем образовании, рассматриваются актуальные проблемы обеспечения образовательных прав расовых, национальных меньшинств, представителей религиозных конфессий, женщин, лиц с нетрадиционным для высшего образования возрастом, инвалидов. Анализируются соответствующие положения Конституции США, федеральные законы, подзаконное правотворчество, судебные прецеденты, конституции и законодательство штатов.
Hizkuntza:errusiera
Argitaratua: Москва, ЮНИТИ-ДАНА, 2009
Gaiak:
Formatua: Liburua
KOHA link:https://koha.lib.tpu.ru/cgi-bin/koha/opac-detail.pl?biblionumber=166441

MARC

LEADER 00000nam0a2200000 4500
001 166441
005 20231101222626.0
010 |a 9785238017105 
035 |a (RuTPU)RU\TPU\book\180549 
090 |a 166441 
100 |a 20091002d2009 k y0rusy50 ca 
101 0 |a rus 
102 |a RU 
105 |a y z 000zy 
200 1 |a Конституционно-правовой принцип равноправия в системе высшего образования США. Законодательство и правоприменительная практика  |e монография  |f Б. В. Николаев 
210 |a Москва  |c ЮНИТИ-ДАНА  |c Закон и право  |d 2009 
215 |a 176 с. 
330 |a Представлен систематический анализ законодательства и правоприменительной практики США в сфере обеспечения конституционно-правового принципа равноправия в системе высшей школы США, исследуются правовые, политические, социальные аспекты обеспечения равноправия в высшем образовании, рассматриваются актуальные проблемы обеспечения образовательных прав расовых, национальных меньшинств, представителей религиозных конфессий, женщин, лиц с нетрадиционным для высшего образования возрастом, инвалидов. Анализируются соответствующие положения Конституции США, федеральные законы, подзаконное правотворчество, судебные прецеденты, конституции и законодательство штатов. 
606 1 |a Государство и право капиталистических стран  |2 stltpush  |3 (RuTPU)RU\TPU\subj\8394 
606 1 |a Высшее образование  |x В отдельных зарубежных странах  |2 stltpush  |3 (RuTPU)RU\TPU\subj\3995  |9 32315 
610 1 |a право 
610 1 |a зарубежные страны 
610 1 |a США 
610 1 |a конституционные принципы 
610 1 |a дискриминация 
610 1 |a рассовая дискриминация 
610 1 |a религиозная свобода 
610 1 |a гендерное равноправие 
610 1 |a инвалиды 
610 1 |a возрастной ценз 
686 |a Х8(7США)  |v LBC/SL-A  |2 rubbk 
686 |a Ч484(7США)  |v LBC/SL-A  |2 rubbk 
700 1 |a Николаев  |b Б. В.  |g Борис Викторович 
801 1 |a RU  |b 63413507  |c 20091002 
801 2 |a RU  |b 63413507  |c 20091207  |g RCR 
942 |c BK 
959 |a 101/20090930  |d 1  |e 300,00  |f ЧЗГЛ:1